000 00716nam a2200289Ia 4500
005 20260324143903.0
008 008 260324s9999 xx 000 0 eng d
020 _a9780429330919
037 _aEBOOK
040 _aCRL
040 _beng
040 _cCRL
041 _2eng
041 _aeng
084 _qCRL
100 _aJose I. Furtado; William B. Morgan; James R. Pfafflin; Kenneth Ruddle
_91217303
245 0 _aTropical Resources
245 0 _bEcology and Development
260 _bTaylor and Francis
260 _c1990
365 _a
365 _b130
856 _uhttp://www.taylorfrancis.com/books/9780429330919
942 _cEBOOK
999 _c1823223
_d1823223